<?xml version="1.0" encoding="UTF-8"?>
<collection xmlns="http://www.loc.gov/MARC21/slim">
  <record>
    <leader>00000nam  2200000   4500</leader>
    <controlfield tag="001">INLIS000000000016739</controlfield>
    <controlfield tag="005">20240126021051</controlfield>
    <datafield tag="035" ind1="#" ind2="#">
      <subfield code="a">0010-0124000056</subfield>
    </datafield>
    <datafield tag="245" ind1="1" ind2="#">
      <subfield code="a">Peningkatan Sistem Manajemen Mutu Melalui Penerapan ISO 9001:2015 Pada Pusat Peningkatan Penggunaan Produk dalam Negeri /</subfield>
      <subfield code="c">Haryani</subfield>
    </datafield>
    <datafield tag="100" ind1=" " ind2="#">
      <subfield code="a">Haryani</subfield>
    </datafield>
    <datafield tag="300" ind1="#" ind2="#">
      <subfield code="a">100 halaman ;</subfield>
      <subfield code="c">30 cm</subfield>
    </datafield>
    <datafield tag="856" ind1="#" ind2="#">
      <subfield code="a">Perpustakaan LAN Pusat</subfield>
    </datafield>
    <datafield tag="260" ind1="#" ind2="#">
      <subfield code="a">Jakarta :</subfield>
      <subfield code="b">Pusbangkom Pimnas dan Manajerial ASN,</subfield>
      <subfield code="c">2022</subfield>
    </datafield>
    <datafield tag="084" ind1="#" ind2="#">
      <subfield code="a">R 019 PIM IV 2022</subfield>
    </datafield>
    <datafield tag="650" ind1="#" ind2="4">
      <subfield code="a">Sistem Manajemen Mutu</subfield>
    </datafield>
    <datafield tag="520" ind1="#" ind2="#">
      <subfield code="a">Untuk meningkatkan sistem pengendalian risiko dan manajemen mutu Pusat P3DN dengan menerapkan ISO 9001:2015 sebagai alat untuk meningkatkan kualitas pelayanan dan pencapaian kinerja serta kondisi ideal yang diharapkan. Setelah seluruh rangkaian proses dilaksanakan dan berkas-berkas yang diperlukan dilengkapi, kemudian dilakukan audit sertifikasi ISO 9001: 2015. Pusat P3DN mendapatkan rekomendasi  untuk ISO 9001:2015 walaupun masih ada temuan minor yang masih harus ditindaklanjuti dalam jangka menengah. Sedangkan untuk jangka panjang masih ada temua audit observasi yang perlu dilengkapi pada saat audit survilance tahun yang akan datang. Implementasi ISO 9001:2015 memerlukan komitmen dari Top Management, tanpa dukungan dari Tom Management maka kecil kemungkinan ISO 9001: 2015 ini dapat diterapkan. Selanjutnya komitmen dari seluruh pegawai yang ada di pusat P3DN</subfield>
    </datafield>
    <datafield tag="990" ind1="#" ind2="#">
      <subfield code="a">23.11.019</subfield>
    </datafield>
  </record>
</collection>
